Career orientation and competencies of KAU agricultural graduate students :an exploratory analysis (Record no. 374509)

MARC details
000 -LEADER
fixed length control field 00741nam a22002177a 4500
082 ## - DEWEY DECIMAL CLASSIFICATION NUMBER
Classification number 630.71
Item number AMI/CA PG
100 ## - MAIN ENTRY--PERSONAL NAME
Personal name Amina, M
245 ## - TITLE STATEMENT
Title Career orientation and competencies of KAU agricultural graduate students :an exploratory analysis
260 ## - PUBLICATION, DISTRIBUTION, ETC. (IMPRINT)
Place of publication, distribution, etc Vellayani
Name of publisher, distributor, etc Department of Agricultural Extension Education, College of Agricultural
Date of publication, distribution, etc 2026
300 ## - PHYSICAL DESCRIPTION
Extent 234p.
502 ## - DISSERTATION NOTE
Dissertation note MSc
650 ## - SUBJECT ADDED ENTRY--TOPICAL TERM
Topical term or geographic name as entry element Agricultural Extension Education
650 ## - SUBJECT ADDED ENTRY--TOPICAL TERM
Topical term or geographic name as entry element Career orientation
650 ## - SUBJECT ADDED ENTRY--TOPICAL TERM
Topical term or geographic name as entry element KAU
650 ## - SUBJECT ADDED ENTRY--TOPICAL TERM
Topical term or geographic name as entry element KAU agricultural graduate students
650 ## - SUBJECT ADDED ENTRY--TOPICAL TERM
Topical term or geographic name as entry element Agricultural graduate students
700 ## - ADDED ENTRY--PERSONAL NAME
Personal name Allan, Thomas (Guide)
856 ## - ELECTRONIC LOCATION AND ACCESS
Uniform Resource Identifier https://krishikosh.egranth.ac.in/handle/1/5810237010
942 ## - ADDED ENTRY ELEMENTS (KOHA)
Source of classification or shelving scheme Dewey Decimal Classification
Item type Theses
Holdings
Not for loan Collection code Home library Current library Shelving location Date acquired Full call number Barcode Date last seen Koha item type
Not For Loan Thesis KAU Central Library, Thrissur KAU Central Library, Thrissur Technical Processing Division 12/03/2026 630.71 AMI/CA PG 176829 12/03/2026 Theses
Kerala Agricultural University Central Library
Thrissur-(Dt.), Kerala Pin:- 680656, India
Ph : (+91)(487) 2372219
E-mail: librarian@kau.in
Website: http://library.kau.in/